LEADER 01014nam0 2200289 450 001 000008900 005 20080122095851.0 010 $a978-88-752-4102-5 100 $a20080122d2006----km-y0itay50------ba 101 0 $aita 102 $aIT 105 $ay-------001yy 200 1 $a<>tutela dell'assicurato nel nuovo codice delle assicurazioni private$fAlessandro Calcagno, Iacopo Pietro Cimino... [et al.]$ga cura di Iacopo Pietro Cimino 210 $aTorino$cGiappichelli$dc2006 215 $aIX, 458$d24 cm 225 2 $a<>diritto presente 410 0$12001$a<>diritto presente 610 1 $aAssicurazioni$aTutela 610 1 $aAssicurazioni$aLegislazione 676 $a346.45086$v20 702 1$aCimino,$bIacopo Pietro 702 1$aCalcagno,$bAlessandro 801 0$aIT$bUNIPARTHENOPE$c20080122$gRICA$2UNIMARC 912 $a000008900 951 $a346-T/12$b40177$cNAVA1$d2008 996 $aTutela dell'assicurato nel nuovo codice delle assicurazioni private$91204576 997 $aUNIPARTHENOPE LEADER 01415nam2 2200337 i 450 001 SBL0046599 005 20251003044348.0 020 $aIT$b634818 100 $a20130607d1962 ||||0itac50 ba 101 | $aita 102 $ait 181 1$6z01$ai $bxxxe 182 1$6z01$an 200 1 $aˆ9: La ‰tutela legislativa del lavoro$fConfederazione italiana sindacati lavoratori 210 $aFirenze$cCentro studi sindacali$d1962 215 $a43 p.$d26 cm. 461 1$1001SBL0046590$12001 $aLezioni per il corso di preparazione sindacale generale$fConfederazione italiana sindacati lavoratori$v9 676 $a331.880 7$9$v20 710 02$aCISL$3CFIV051360$4070$0373436 791 02$aCISL nazionale$3BVEV237821$zCISL 791 02$aConfederazione italiana sindacati liberi$3LO1V293154$zCISL 791 02$aConfederazione italiana sindacati lavoratori$3LO1V319449$zCISL 791 02$aConfederazione italiana sindacati liberi$3LO1V293154$zCISL 791 02$aConfederazione italiana sindacati lavoratori$3LO1V319449$zCISL 801 3$aIT$bIT-000000$c20130607 850 $aIT-BN0095 912 $aSBL0046599 950 2$aBiblioteca Centralizzata di Ateneo$cv. 1-11$d 01POZZO LIB.F. SANTI 100$e 01 0000090185E VMA (0009 v. 9$fB $h20221205$i20221205 977 $a 01 996 $aTutela legislativa del lavoro$92981930 997 $aUNISANNIO